Analýza manažérskych informačných systémov pre riadenie chovu ošípaných
Zavádzanie informačných systémov do poľnohospodárstva. Hodnotenie pridanej hodnoty používania manažérskych informačných systémov (MIS) v chove ošípaných chýba. Príspevok približuje normatívne hodnotiace prístupy MIS v chove ošípaných. Hodnotenie je užitočné pre farmárov, ktorí sa rozhodujú o invest...
Enregistré dans:
| Auteur principal: | |
|---|---|
| Format: | Chapitre de livre |
| Langue: | slovaque |
| Sujets: | |
| Tags: |
Pas de tags, Soyez le premier à ajouter un tag!
|
MARC
| LEADER | 00000naa$a2200000$$$4500 | ||
|---|---|---|---|
| 001 | 0031976 | ||
| 005 | 20221017103902.6 | ||
| 041 | 0 | |a slo | |
| 044 | |a SK | ||
| 245 | 1 | 0 | |a Analýza manažérskych informačných systémov pre riadenie chovu ošípaných |c Peter Szovics |
| 520 | |a Zavádzanie informačných systémov do poľnohospodárstva. Hodnotenie pridanej hodnoty používania manažérskych informačných systémov (MIS) v chove ošípaných chýba. Príspevok približuje normatívne hodnotiace prístupy MIS v chove ošípaných. Hodnotenie je užitočné pre farmárov, ktorí sa rozhodujú o investíciách a pre softvérové spoločnosti, ktoré navrhujú a predávajú MIS. Riešenie výskumu vo oblasti využívania MIS v chove ošípaných. Uvedené sú tri teoretické príklady a ich využiteľnosť v praxi. Stromová rozhodovacia analýza a Bayesova teória. | ||
| 610 | 2 | 0 | |a rozhodovanie manažérske |
| 610 | 2 | 0 | |a systémy informačné |
| 610 | 2 | 0 | |a chov zvierat |
| 610 | 2 | 0 | |a systémy informačné manažérske |
| 610 | 2 | 0 | |a teória rozhodovania |
| 100 | 1 | |a Szovics, Peter | |